| 000 | 01028nab a22002417a 4500 | ||
|---|---|---|---|
| 999 |
_c5651 _d5651 |
||
| 003 | OSt | ||
| 005 | 20251226213352.0 | ||
| 008 | 190603e xxum|||| |||| 00| 0 spa d | ||
| 040 | _cPJ | ||
| 100 |
_96615 _aKalemkerian, Fernando |
||
| 245 | 1 | 0 |
_aApuntes sobre la indexación y la cosa juzgada a propósito del fallo "Barrios" / _cFernando Kalemkerian. |
| 260 |
_cCiudad Autónoma de Buenos Aires : _aThomson Reuters La Ley, _b2025. |
||
| 300 | _ap. 195-198 | ||
| 500 | _aCita: TR LALEY AR/DOC/1047/2025 Publicado en: RCCyC 2025 (junio). | ||
| 505 | _t¿Te interesa el texto completo? Solicitalo al correo: koha@justierradelfuego.gov.ar | ||
| 650 | 0 |
_91497 _aCODIGO CIVIL Y COMERCIAL |
|
| 650 | 0 |
_93790 _aACTUALIZACIÓN MONETARIA |
|
| 650 | 0 |
_9965 _aCOSA JUZGADA |
|
| 650 | 0 |
_92356 _aSENTENCIA FIRME |
|
| 650 | 0 |
_9530 _aOBLIGACIONES DE DAR SUMAS DE DINERO |
|
| 773 | 0 |
_02713 _93170 _dCiudad Autónoma de Buenos Aires : Thomson Reuters La Ley, 2015- _tRevista Código Civil y Comercial. Nº 3 - Junio 2025 |
|
| 942 |
_2udc _cANA |
||